[Event "Druzynowe Mistrzostwa Polski Juniorow - Ekstraliga 2018"]
[Site "Kudowa-Zdroj"]
[Date "1899-12-30"]
[Round "5.4"]
[White "Bednarczyk, Mateusz"]
[Black "Czernek, Tymon"]
[Result "0-1"]
[WhiteTitle "II"]
[BlackTitle "I++"]
[WhiteElo "1471"]
[BlackElo "1949"]

1. e4 c5 2. Nf3 d6 3. d4 cxd4 4. Nxd4 Nf6 5. Nc3 a6 6. Be3 e5 7. Nf3 Be7 8. Bc4
O-O 9. O-O Qc7 10. Bb3 Nc6 11. Bg5 Be6 12. Bxf6 Bxf6 13. Nd5 Bxd5 14. Bxd5 Ne7
15. Bb3 Ng6 16. Re1 Kh8 17. Nd2 Bg5 18. Nc4 Rad8 19. Qg4 Bh6 20. Ne3 Bxe3 21.
Rxe3 b5 22. h4 Ne7 23. Rg3 g6 24. h5 Kg7 25. h6+ Kxh6 26. Qg5+ Kg7 27. Rh3 h5
28. Rxh5 Rh8 29. Rxh8 Rxh8 30. Rd1 Rh5 31. Qd2 Nc8 32. Qd5 Qe7 33. Rd3 Rh8 34.
Rf3 f6 35. Qc6 Qa7 36. Be6 Nb6 37. Qxd6 Na4 38. b3 Nc5 39. Bd5 Rf8 40. Rc3 Rc8
41. Bc6 Nxe4 42. Qe6 Qxf2+ 43. Kh2 Rh8+ 44. Rh3 Qg3+ 45. Kg1 Rxh3 46. Qxh3 Qxh3
47. gxh3 Nc3 48. a4 bxa4 49. bxa4 a5 50. Kf2 Kf7 51. Ke3 Ke6 52. Kd3 Nd5 53. Bb7
Kd6 54. h4 f5 55. Kc4 Nc7 56. Bf3 e4 57. Be2 Ke5 58. Kc3 f4 59. h5 f3 60. hxg6
fxe2 61. Kd2 0-1

[Event "Druzynowe Mistrzostwa Polski Juniorow - Ekstraliga 2018"]
[Site "Kudowa-Zdroj"]
[Date "1899-12-30"]
[Round "5.5"]
[White "Swiech, Joanna"]
[Black "Frej, Zofia"]
[Result "1-0"]
[WhiteTitle "k"]
[BlackTitle "k"]
[WhiteElo "1832"]
[BlackElo "1938"]

1. c4 e5 2. Nc3 d6 3. g3 c5 4. Bg2 Nc6 5. d3 Be7 6. e3 Nf6 7. Nge2 Be6 8. Nd5 O-O
9. O-O Rb8 10. d4 a6 11. Nxf6+ Bxf6 12. d5 Bg4 13. dxc6 bxc6 14. Bxc6 e4 15. Bxe4
Bxb2 16. Rb1 Bxc1 17. Rxc1 Qg5 18. Qd3 g6 19. Nc3 Qe5 20. Rb1 Rbe8 21. Rb6 Be6
22. Rxa6 Rb8 23. Nb5 Rbd8 24. Bg2 d5 25. cxd5 Bxd5 26. Bxd5 Rxd5 27. Qc4 Rfd8
28. Ra7 Qf6 29. Nc3 1-0

[Event "Druzynowe Mistrzostwa Polski Juniorow - Ekstraliga 2018"]
[Site "Kudowa-Zdroj"]
[Date "1899-12-30"]
[Round "5.6"]
[White "Scisla, Oliwia"]
[Black "Wikar, Martyna"]
[Result "0-1"]
[WhiteTitle "I+"]
[BlackTitle "I++"]
[WhiteElo "1345"]
[BlackElo "1955"]

1. e4 c5 2. Nc3 e6 3. g3 Nc6 4. Bg2 Nge7 5. d3 d5 6. exd5 exd5 7. Nf3 g6 8. O-O
Bg7 9. Re1 O-O 10. Bf4 h6 11. h4 Be6 12. Qd2 Kh7 13. Rab1 Qd7 14. Ne2 d4 15. b3
Nd5 16. Rbc1 Rad8 17. Qd1 Rfe8 18. Bd2 f6 19. Nf4 Nxf4 20. Bxf4 Nb4 21. Ra1 Nd5
22. Bd2 Bh3 23. Kh2 Bxg2 24. Kxg2 f5 25. a3 b5 26. b4 c4 27. dxc4 bxc4 28. Bc1
d3 29. Rxe8 Rxe8 30. c3 Nxc3 31. Qd2 Re2 32. Qf4 Nd5 33. Qxc4 Bxa1 0-1

[Event "Druzynowe Mistrzostwa Polski Juniorow - Ekstraliga 2018"]
[Site "Kudowa-Zdroj"]
[Date "1899-12-30"]
[Round "5.7"]
[White "Pacan-milej, Kosma"]
[Black "Kosakowski, Jakub"]
[Result "1/2-1/2"]
[WhiteTitle "FM"]
[BlackTitle "FM"]
[WhiteElo "2282"]
[BlackElo "2324"]

1. e4 e5 2. Nf3 Nc6 3. Nc3 Nf6 4. d4 exd4 5. Nxd4 Bb4 6. Nxc6 bxc6 7. Bd3 d5 8.
exd5 O-O 9. O-O cxd5 10. h3 c6 11. Qf3 Bd6 12. Bf4 Rb8 13. b3 Bxf4 14. Qxf4 Be6
15. Na4 Qa5 16. Qd6 Rbc8 17. Qc5 Qc7 18. Rfe1 Rfe8 19. Re3 Nd7 20. Qd4 c5 21.
Qh4 Nf8 22. Rae1 Red8 23. Qg5 c4 24. bxc4 Qa5 25. cxd5 Rxd5 26. Qf4 Ng6 27. Bxg6
hxg6 28. c3 Qa6 29. Re4 Ra5 30. Rd4 g5 31. Qe4 Bf5 32. Qf3 Be6 33. Red1 g4 34.
hxg4 Rxa4 35. Rd8+ Rxd8 36. Rxd8+ Kh7 37. Qh3+ Kg6 38. Qh5+ Kf6 39. Qh4+ Kg6 40.
Qh5+ Kf6 41. Qh4+ Kg6 42. Qh5+ 1/2-1/2

[Event "Druzynowe Mistrzostwa Polski Juniorow - Ekstraliga 2018"]
[Site "Kudowa-Zdroj"]
[Date "1899-12-30"]
[Round "5.8"]
[White "Pytel, Maciej"]
[Black "Raclawicki, Kacper"]
[Result "1-0"]
[WhiteTitle "I++"]
[BlackTitle "I"]
[WhiteElo "2051"]
[BlackElo "1799"]

1. e4 c5 2. Nf3 d6 3. d4 cxd4 4. Nxd4 Nf6 5. Nc3 Nc6 6. Be2 a6 7. Be3 e6 8. O-O
Be7 9. f4 Qc7 10. Kh1 O-O 11. Bf3 Bd7 12. Qd3 Rac8 13. Rae1 Rfd8 14. Nb3 b5 15.
a3 Rb8 16. Qd2 Be8 17. Qf2 Nd7 18. g4 b4 19. axb4 Nxb4 20. Ra1 Nb6 21. Na5 d5
22. Rfd1 Nc4 23. Nxc4 Qxc4 24. exd5 Nxd5 25. Nxd5 exd5 26. Bd4 Bb5 27. b3 Qc8
28. f5 Qc7 29. c3 Bg5 30. Re1 Bf4 31. Qg2 h6 32. b4 Bc4 33. f6 gxf6 34. Bxf6 Rd7
35. g5 hxg5 36. Qh3 1-0

[Event "Druzynowe Mistrzostwa Polski Juniorow - Ekstraliga 2018"]
[Site "Kudowa-Zdroj"]
[Date "1899-12-30"]
[Round "5.9"]
[White "Czernecki, Andrzej"]
[Black "Karolczuk, Iwo"]
[Result "0-1"]
[WhiteTitle "II+"]
[BlackTitle "I"]
[WhiteElo "1472"]
[BlackElo "1783"]

1. e4 c5 2. Nf3 e6 3. b3 b6 4. Bb2 Bb7 5. Qe2 Nf6 6. e5 Nd5 7. g3 Be7 8. Bg2 Nc6
9. O-O O-O 10. Nc3 d6 11. Nxd5 exd5 12. exd6 Qxd6 13. d4 a6 14. c4 dxc4 15. Qxc4
cxd4 16. Nxd4 Ne5 17. Qe2 Bxg2 18. Kxg2 Bf6 19. Nf3 Nxf3 20. Bxf6 Nd2 21. Rfd1
Qc6+ 22. f3 Nxb3 23. axb3 Qxf6 24. Rxa6 Rxa6 25. Qxa6 Qb2+ 26. Kh3 Qxb3 27. Qd3
Qe6+ 28. Kg2 h6 29. Qa6 Qc6 30. Rd2 Ra8 31. Qd3 Qf6 32. Qb3 Rc8 33. Qd5 Qc3 34.
Qd4 Qc1 35. Rd1 Qc2+ 36. Rd2 Qb3 37. Qd5 Qb1 38. Rd1 Rc2+ 39. Kh3 Qb2 40. Qa8+
Kh7 41. Qe4+ g6 42. Rh1 Qa2 43. Qf4 b5 44. g4 Qe6 45. Re1 Rc4 46. Rxe6 Rxf4 47.
Re3 Rb4 48. Kg3 Rb1 49. Re7 Kg7 50. Rb7 b4 51. h4 b3 52. g5 hxg5 53. hxg5 b2 54.
Kg2 Kf8 55. Kh2 Rf1 56. Rxb2 Rxf3 57. Rg2 Ke7 58. Rg1 Ke6 59. Kg2 Rf4 60. Kg3
Kf5 61. Kh3 Rf3+ 62. Kg2 Kg4 63. Ra1 Rf5 64. Ra4+ Kxg5 65. Kg3 Rb5 66. Rg4+ Kh6
67. Rh4+ Kg7 68. Ra4 g5 69. Kg4 Kg6 70. Ra6+ f6 71. Rc6 Rb4+ 72. Kg3 Rf4 73. Ra6
Kh5 74. Ra8 Rg4+ 75. Kh3 Re4 76. Rh8+ Kg6 77. Ra8 Re3+ 78. Kg2 f5 79. Rh8 f4 80.
Rg8+ Kf5 81. Rf8+ Kg4 82. Ra8 Re2+ 83. Kh1 Kg3 84. Ra3+ f3 85. Ra4 Re1# 0-1

[Event "Druzynowe Mistrzostwa Polski Juniorow - Ekstraliga 2018"]
[Site "Kudowa-Zdroj"]
[Date "1899-12-30"]
[Round "5.10"]
[White "Szydlo, Michal"]
[Black "Matela, Krzysztof"]
[Result "1-0"]
[WhiteTitle "I"]
[BlackTitle "I"]
[WhiteElo "1697"]
[BlackElo "1734"]

1. e4 c6 2. d4 d5 3. Nc3 dxe4 4. Nxe4 Bf5 5. Ng3 Bg6 6. Nf3 Nd7 7. h4 h6 8. h5
Bh7 9. Bd3 Bxd3 10. Qxd3 e6 11. Bd2 Ngf6 12. O-O-O Be7 13. Ne4 Nxe4 14. Qxe4 Nf6
15. Qe2 Qd5 16. c4 Qe4 17. Qxe4 Nxe4 18. Be3 f5 19. Nd2 Nxd2 20. Rxd2 Rc8 21.
Kb1 Kf7 22. d5 exd5 23. cxd5 Rhd8 24. Rhd1 Rxd5 25. Bxa7 Rcd8 26. Rxd5 Rxd5 27.
Rxd5 cxd5 28. Be3 Bf6 29. Kc2 Ke6 30. f4 d4 31. Bd2 b5 32. Kd3 Kd5 33. Bb4 Kc6
34. b3 Kb6 35. Bd6 Ka5 36. a3 Kb6 37. Be5 Kc5 38. a4 bxa4 39. bxa4 Bxe5 40. fxe5
Kd5 41. a5 Kxe5 42. a6 Kf4 43. a7 Kg5 44. a8=Q Kxh5 45. Kxd4 g6 46. Ke5 Kg4 47.
Qf3+ Kg5 48. Qg3+ Kh5 49. Kf6 g5 50. Qh3# 1-0

[Event "Druzynowe Mistrzostwa Polski Juniorow - Ekstraliga 2018"]
[Site "Kudowa-Zdroj"]
[Date "1899-12-30"]
[Round "5.11"]
[White "Sowa, Wiktoria"]
[Black "Koruch, Maria"]
[Result "1-0"]
[WhiteTitle "k"]
[BlackTitle "I"]
[WhiteElo "1952"]
[BlackElo "1714"]

1. e4 c5 2. Nf3 Nc6 3. Bb5 Nf6 4. Nc3 Qc7 5. O-O Nd4 6. Bc4 b5 7. Bd5 Rb8 8. e5
Nxf3+ 9. Qxf3 Qxe5 10. d4 Qxd4 11. Bf4 d6 12. Nxb5 Qb4 13. Bc6+ Bd7 14. Nc7+ Kd8
15. Na6 Bxc6 16. Qxc6 Qxf4 17. Qc7+ Ke8 18. Qxb8+ Kd7 19. Nxc5+ Kc6 20. b4 Kd5
21. Qb7+ Kc4 22. Qa6+ Kc3 23. Qa3+ Kd4 24. Qd3+ Ke5 25. Rfe1+ 1-0

[Event "Druzynowe Mistrzostwa Polski Juniorow - Ekstraliga 2018"]
[Site "Kudowa-Zdroj"]
[Date "1899-12-30"]
[Round "5.12"]
[White "Arciszewska, Zuzanna"]
[Black "Starosta, Martyna"]
[Result "0-1"]
[WhiteTitle "I"]
[BlackTitle "WCM"]
[WhiteElo "1301"]
[BlackElo "1740"]

1. c4 e5 2. g3 c6 3. Bg2 d5 4. cxd5 cxd5 5. d3 Nf6 6. Nf3 Nc6 7. O-O Bc5 8. Nbd2
a6 9. b3 O-O 10. Bb2 Re8 11. Rc1 Ba7 12. a3 h6 13. Rc2 Bf5 14. Rc1 Rc8 15. Nh4
Bh7 16. Nhf3 e4 17. Ne1 e3 18. fxe3 Ng4 19. Qc2 Nxe3 20. Qb1 Nxf1+ 21. Kxf1 Qe7
22. Bf3 Qe3 23. Kg2 Qxd2 24. Qa1 Rxe2+ 25. Bxe2 Qxe2+ 26. Kh3 Bf5+ 27. Kh4 Qxh2#
0-1

[Event "Druzynowe Mistrzostwa Polski Juniorow - Ekstraliga 2018"]
[Site "Kudowa-Zdroj"]
[Date "1899-12-30"]
[Round "5.13"]
[White "Gumularz, Szymon"]
[Black "Szustakowski, Antoni"]
[Result "1-0"]
[WhiteTitle "IM"]
[BlackTitle "FM"]
[WhiteElo "2461"]
[BlackElo "2330"]

1. d4 Nf6 2. Bf4 d5 3. e3 c5 4. Nc3 e6 5. Nb5 Na6 6. c3 Be7 7. a4 O-O 8. h3 Ne8
9. Nf3 Nac7 10. Nxc7 Nxc7 11. Bd3 b6 12. h4 f5 13. Ne5 Bd6 14. g4 Ne8 15. gxf5
exf5 16. Qf3 Be6 17. Qg3 Qc7 18. h5 Bxe5 19. Bxe5 Qb7 20. Kd2 Rf7 21. Rag1 a6
22. h6 g6 23. Rh5 Kf8 24. Rg5 Ke7 25. Qh4 Kf8 26. Bg7+ Nxg7 27. Rxg6 Qe7 28. hxg7+
Kg8 29. Qh6 1-0

[Event "Druzynowe Mistrzostwa Polski Juniorow - Ekstraliga 2018"]
[Site "Kudowa-Zdroj"]
[Date "1899-12-30"]
[Round "5.14"]
[White "Kowalski, Igor"]
[Black "Fiedorek, Michal"]
[Result "1/2-1/2"]
[WhiteTitle "FM"]
[BlackTitle "I"]
[WhiteElo "2324"]
[BlackElo "2066"]

1. e4 c5 2. Nf3 d6 3. Bb5+ Nd7 4. d4 cxd4 5. Qxd4 a6 6. Bxd7+ Bxd7 7. Nc3 e5 8.
Qd3 h6 9. O-O Nf6 10. Nd2 Rc8 11. Nc4 Qc7 12. Ne3 Be6 13. Rd1 Be7 14. a4 O-O 15.
h3 Rfd8 16. Qe2 Qc5 17. Qf3 b5 18. axb5 axb5 19. Ra5 Rb8 20. Qe2 Qb4 21. Ra7 Bf8
22. Ned5 Nxd5 23. Nxd5 Qc4 24. Qxc4 bxc4 25. Kf1 Ra8 26. Rxa8 Rxa8 27. Ke2 Rb8
28. Kd2 Bxd5 29. exd5 f5 30. Kc3 Rc8 31. f4 e4 32. Be3 Be7 33. Bd4 Bh4 34. g3
Bxg3 35. Rg1 Bxf4 36. Rxg7+ Kf8 37. Rh7 Re8 38. Rh8+ 1/2-1/2

[Event "Druzynowe Mistrzostwa Polski Juniorow - Ekstraliga 2018"]
[Site "Kudowa-Zdroj"]
[Date "1899-12-30"]
[Round "5.15"]
[White "Luberanski, Jakub"]
[Black "Iwaszkiewicz, Krzysztof"]
[Result "1/2-1/2"]
[WhiteTitle "I"]
[BlackTitle "II+"]
[WhiteElo "1762"]
[BlackElo "1683"]

1. e4 c5 2. Nf3 e6 3. d4 cxd4 4. Nxd4 Nf6 5. Nc3 Nc6 6. Ndb5 Bb4 7. a3 Bxc3+ 8.
Nxc3 d5 9. exd5 exd5 10. Bd3 O-O 11. O-O d4 12. Ne2 Bg4 13. f3 Bh5 14. Qe1 Bg6
15. Qf2 Bxd3 16. cxd3 Qb6 17. Rb1 a6 18. Bg5 Nd5 19. Rfc1 h6 20. Bf4 Rad8 21.
Qg3 Kh7 22. Bd6 Rfe8 23. Bc5 Qc7 24. Qf2 Nf4 25. Nxf4 Qxf4 26. Re1 Rxe1+ 27. Rxe1
Rd5 28. b4 Qc7 29. Qh4 Qd8 30. Qxd8 Rxd8 31. a4 Rd5 32. a5 Nxa5 33. Re7 Nc6 34.
Rxb7 Ne5 35. Ra7 Nxd3 36. Rxa6 Nxc5 37. bxc5 d3 38. Ra1 Rxc5 39. Rd1 Rc3 40. Rd2
Kg6 41. Kf2 1/2-1/2

[Event "Druzynowe Mistrzostwa Polski Juniorow - Ekstraliga 2018"]
[Site "Kudowa-Zdroj"]
[Date "1899-12-30"]
[Round "5.16"]
[White "Rak, Jacek"]
[Black "Madej, Marek"]
[Result "1-0"]
[WhiteTitle "II"]
[BlackTitle "I"]
[WhiteElo "1457"]
[BlackElo "1786"]

1. e4 c5 2. Nf3 e6 3. d4 cxd4 4. Nxd4 Nc6 5. Nxc6 bxc6 6. Bd3 Nf6 7. O-O d5 8.
Nd2 Qc7 9. f4 Bb7 10. e5 Nd7 11. Kh1 Be7 12. Nf3 O-O 13. b3 c5 14. c4 f6 15. cxd5
Bxd5 16. Bb2 Rad8 17. Qc2 h6 18. Nh4 fxe5 19. Bh7+ Kh8 20. Ng6+ Kxh7 21. Nxf8+
Kg8 22. Nxd7 Rxd7 23. Bxe5 Qc6 24. Rfe1 c4 25. bxc4 Bb4 26. Red1 Be4 27. Qe2 Rf7
28. a3 Ba5 29. Rd6 Qb7 30. Rxe6 Rd7 31. Qb2 Bb6 32. Rd6 Rf7 33. h3 Qc8 34. Qc3
Rc7 35. Qg3 Qf8 36. Rxb6 Rc8 37. Rd6 a5 38. Rd7 g6 39. Rg7+ 1-0

[Event "Druzynowe Mistrzostwa Polski Juniorow - Ekstraliga 2018"]
[Site "Kudowa-Zdroj"]
[Date "1899-12-30"]
[Round "5.17"]
[White "Harazinska, Magdalena"]
[Black "Malicka, Maria"]
[Result "0-1"]
[WhiteTitle "k"]
[BlackTitle "WCM"]
[WhiteElo "1997"]
[BlackElo "2174"]

1. d4 Nf6 2. c4 e6 3. Nf3 d5 4. Nc3 Bb4 5. g3 O-O 6. Bg2 c5 7. a3 cxd4 8. axb4
dxc3 9. bxc3 dxc4 10. Qxd8 Rxd8 11. Ne5 Nd5 12. Nxc4 Nd7 13. Bd2 N7b6 14. Na5
Rd7 15. c4 Ne7 16. c5 Nbd5 17. e4 Nc7 18. Nc4 Nc6 19. O-O Rd4 20. Rfc1 Bd7 21.
Be3 Rd3 22. Nd2 Nxb4 23. Bf1 Rxe3 24. fxe3 Bc6 25. Rc4 Nba6 26. Rd1 e5 27. Nb3
Ne6 28. Na5 Bb5 29. Nxb7 Bxc4 30. Bxc4 Naxc5 31. Nxc5 Nxc5 32. Rd5 Nxe4 33. Rxe5
Nd6 34. Bd5 Re8 35. Rxe8+ Nxe8 36. Kf2 Kf8 37. Ke2 Ke7 38. Kd3 Nc7 39. Ba2 f6
40. Bg8 h6 41. Ba2 a5 42. Ke4 a4 43. Kd4 Kd6 44. h4 Ne6+ 45. Ke4 Nc5+ 46. Kf5
Ke7 47. g4 a3 48. g5 hxg5 49. hxg5 fxg5 50. Kxg5 Ne4+ 51. Kg6 Kf8 52. Bd5 Nc3
53. Bc4 a2 54. Bxa2 Nxa2 55. e4 Nb4 56. e5 Nc6 57. e6 Kg8 58. Kh5 Ne7 59. Kg5
Kh7 60. Kh5 g6+ 61. Kg4 Kh6 62. Kh4 g5+ 63. Kg3 Kg6 64. Kg4 Kf6 65. Kh5 Kf5 0-1

[Event "Druzynowe Mistrzostwa Polski Juniorow - Ekstraliga 2018"]
[Site "Kudowa-Zdroj"]
[Date "1899-12-30"]
[Round "5.18"]
[White "Mezykowska, Emilia"]
[Black "Pawicka, Magdalena"]
[Result "1/2-1/2"]
[WhiteTitle "I"]
[BlackTitle "I"]
[WhiteElo "1622"]
[BlackElo "1718"]

1. e4 e5 2. Nf3 Nc6 3. d4 exd4 4. Nxd4 Nf6 5. Nc3 Bb4 6. Nxc6 bxc6 7. Bd3 d5 8.
exd5 cxd5 9. O-O O-O 10. Bg5 c6 11. Qf3 Be7 12. Rae1 Re8 13. h3 h6 14. Bh4 Be6
15. Na4 Qa5 16. b3 c5 17. Bf5 Bxf5 18. Qxf5 c4 19. Rd1 cxb3 20. axb3 Rad8 21.
Rd3 Ne4 22. Bxe7 Rxe7 23. Rfd1 Red7 24. Qf3 Qc7 25. Nc3 Nxc3 26. Rxc3 Qb6 27.
Rcd3 Rd6 28. Rxd5 Rxd5 29. Rxd5 Rxd5 30. Qxd5 Qc7 31. c4 Kf8 32. b4 Ke7 33. Qe4+
Kf8 34. c5 g6 35. g3 h5 36. Qe3 Qc6 37. Qe5 a6 38. Qe2 Kg8 39. Qc4 Kf8 40. Qe2
Kg8 41. Qd3 f5 42. Qd8+ Kf7 43. Qb6 Qc8 44. c6 Ke7 45. Qc5+ Ke6 46. Kg2 g5 47.
c7 g4 48. Qc6+ Ke7 49. h4 Kf8 50. b5 axb5 51. Qxb5 Qxc7 52. Qxf5+ Qf7 53. Qxf7+
Kxf7 54. f4 gxf3+ 55. Kxf3 Ke7 56. Ke3 Kf7 57. Ke4 Ke6 58. Kf4 Kf6 59. g4 hxg4
60. Kxg4 Kg6 1/2-1/2

[Event "Druzynowe Mistrzostwa Polski Juniorow - Ekstraliga 2018"]
[Site "Kudowa-Zdroj"]
[Date "1899-12-30"]
[Round "5.19"]
[White "Szczurek, Krzysztof"]
[Black "Koziol, Kamil"]
[Result "1-0"]
[WhiteTitle "FM"]
[BlackTitle "FM"]
[WhiteElo "2136"]
[BlackElo "2257"]

1. Nf3 d6 2. g3 e5 3. d3 f5 4. e4 Nf6 5. Bg2 fxe4 6. dxe4 Be7 7. O-O O-O 8. Nc3
Kh8 9. Bg5 Nc6 10. h3 Be6 11. Bxf6 Bxf6 12. Nd5 Qd7 13. Kh2 Qf7 14. Qd2 Rae8 15.
c4 Bd8 16. Ng1 Qh5 17. Rac1 Rf7 18. f4 exf4 19. gxf4 Qh6 20. Qd3 Ref8 21. Ne2
Ne7 22. Nd4 Bc8 23. f5 Ng8 24. Kg1 c6 25. Ne3 Nf6 26. Ne6 Bb6 27. c5 dxc5 28.
Rc4 Re8 29. e5 Ng8 30. Nf4 Rd7 31. Qc2 Rd4 32. Ng4 Qg5 33. e6 Bc7 34. Rxd4 cxd4
35. Nd3 Nf6 36. Qe2 Nxg4 37. hxg4 Qh4 38. Be4 Qg3+ 39. Qg2 Qe3+ 40. Kh1 Qh6+ 41.
Kg1 Qe3+ 42. Kh1 Qg5 43. Qh3 h6 44. Qg2 Kg8 45. Rf3 c5 46. Bd5 b5 47. b3 c4 48.
Nf2 d3 49. Ne4 Qh4+ 50. Kg1 Bb6+ 51. Kf1 Ba5 52. Re3 c3 53. Rxd3 c2 54. Qxc2 Qh1+
55. Ke2 Qh2+ 56. Nf2 Bb6 57. Kf1 b4 58. Rf3 Ba6+ 59. Bc4 Bxc4+ 60. Qxc4 Qe5 61.
Qxb4 Rc8 62. Qe1 Qb5+ 63. Kg2 Rc2 64. e7 Qe8 65. f6 Kh7 66. Qe4+ 1-0

[Event "Druzynowe Mistrzostwa Polski Juniorow - Ekstraliga 2018"]
[Site "Kudowa-Zdroj"]
[Date "1899-12-30"]
[Round "5.20"]
[White "Posluszny, Tomasz"]
[Black "Warchol, Bartosz"]
[Result "1/2-1/2"]
[WhiteTitle "I+"]
[BlackTitle "I++"]
[WhiteElo "1912"]
[BlackElo "1950"]

1. d4 d5 2. c4 dxc4 3. e4 Nc6 4. Nf3 Bg4 5. d5 Bxf3 6. gxf3 Ne5 7. f4 Nd3+ 8. Bxd3
cxd3 9. Qxd3 Qd7 10. Nc3 e6 11. Be3 Nf6 12. O-O-O exd5 13. e5 Ng4 14. Nxd5 Qc6+
15. Kb1 Nxe3 16. fxe3 Bc5 17. Rhg1 O-O-O 18. a3 Rd7 19. b4 Rhd8 20. e4 Bf8 21.
Rc1 Qa4 22. f5 Kb8 23. Qg3 a5 24. e6 fxe6 25. fxe6 Bd6 26. Qc3 axb4 27. axb4 Re7
28. Nxe7 Bxb4 29. Qxc7+ Ka7 30. Qc2 Qb5 31. Qa2+ Ba3+ 32. Ka1 Qe5+ 33. Kb1 Qb5+
34. Ka1 Qe5+ 35. Kb1 Qb5+ 36. Ka1 Qe5+ 37. Kb1 Qb5+ 1/2-1/2

[Event "Druzynowe Mistrzostwa Polski Juniorow - Ekstraliga 2018"]
[Site "Kudowa-Zdroj"]
[Date "1899-12-30"]
[Round "5.21"]
[White "Jozefczyk, Szymon"]
[Black "Oleksy, Krzysztof"]
[Result "1/2-1/2"]
[WhiteTitle "II"]
[BlackTitle "I"]
[WhiteElo "1734"]
[BlackElo "1813"]

1. e4 c5 2. Ne2 d6 3. g3 Nc6 4. Bg2 g6 5. c3 Bg7 6. d4 cxd4 7. cxd4 Nf6 8. Nbc3
O-O 9. O-O Bd7 10. h3 Rc8 11. Be3 Na5 12. b3 b5 13. Qd2 b4 14. Nd5 Nxd5 15. exd5
Qb6 16. Rfc1 Rfe8 17. Nf4 Nb7 18. h4 Bf5 19. f3 a5 20. g4 Bd7 21. Bf1 Bb5 22.
Bxb5 Qxb5 23. Rxc8 Rxc8 24. Rc1 Qd7 25. Kf2 Nd8 26. Qd3 Rxc1 27. Bxc1 Qc7 28.
Be3 e6 29. Qc4 Qd7 30. dxe6 Nxe6 31. Nxe6 Qxe6 32. d5 Qe5 33. Qc8+ Bf8 34. Bb6
Qh2+ 35. Ke3 Qe5+ 36. Kf2 Qh2+ 37. Kf1 Qh1+ 38. Ke2 Qg2+ 39. Ke1 1/2-1/2

[Event "Druzynowe Mistrzostwa Polski Juniorow - Ekstraliga 2018"]
[Site "Kudowa-Zdroj"]
[Date "1899-12-30"]
[Round "5.22"]
[White "Seemann, Jakub"]
[Black "Swiech, Lukasz"]
[Result "1-0"]
[WhiteTitle "I"]
[BlackTitle "II"]
[WhiteElo "1814"]
[BlackElo "1591"]

1. e4 c5 2. Nf3 Nc6 3. d4 cxd4 4. Nxd4 e5 5. Nb5 d6 6. N1c3 a6 7. Na3 b5 8. Nd5
Nce7 9. c4 Nxd5 10. exd5 Nf6 11. cxb5 Be7 12. Be2 O-O 13. O-O Nd7 14. Be3 f5 15.
f3 Bf6 16. Nc4 Qe7 17. b6 Bb7 18. Na5 Rfb8 19. Rc1 e4 20. f4 Qe8 21. Rc7 Bd8 22.
b4 Bxc7 23. bxc7 Rc8 24. Nxb7 Rxc7 25. Nxd6 Qf8 26. Nc4 Qxb4 27. d6 Rcc8 28. Qd5+
Kh8 29. Ne5 Nf6 30. Nf7+ Kg8 31. Nh6+ 1-0

[Event "Druzynowe Mistrzostwa Polski Juniorow - Ekstraliga 2018"]
[Site "Kudowa-Zdroj"]
[Date "1899-12-30"]
[Round "5.23"]
[White "Surpeta, Julia"]
[Black "Cieslak, Wiktoria"]
[Result "1-0"]
[WhiteTitle "I"]
[BlackTitle "k++"]
[WhiteElo "1611"]
[BlackElo "1931"]

1. e4 c5 2. Nf3 d6 3. Bc4 e6 4. Bb3 a6 5. c3 Nc6 6. O-O Be7 7. d3 h6 8. Re1 Nf6
9. Nbd2 O-O 10. Bc2 b5 11. a3 Qc7 12. Qe2 Bb7 13. Nf1 Rfe8 14. d4 cxd4 15. cxd4
Rac8 16. Bd3 Bf8 17. Ng3 Na5 18. Rb1 Qb8 19. Nh4 Qa8 20. Qf3 Nh7 21. Nh5 Nb3 22.
Be3 Rc7 23. Qg4 Kh8 24. e5 dxe5 25. dxe5 g6 26. Bxg6 fxg6 27. Nxg6+ Kg8 28. Ngf4+
Kh8 29. Ng6+ Kg8 30. Rbd1 Bd5 31. Bb6 Rg7 32. Nf6+ Kf7 33. Nh8+ Ke7 34. Qb4+ Nc5
35. Qxc5# 1-0

[Event "Druzynowe Mistrzostwa Polski Juniorow - Ekstraliga 2018"]
[Site "Kudowa-Zdroj"]
[Date "1899-12-30"]
[Round "5.24"]
[White "Kroliczek, Gabriela"]
[Black "Dylag, Emilia"]
[Result "0-1"]
[WhiteTitle "I++"]
[BlackTitle "k"]
[WhiteElo "1736"]
[BlackElo "1989"]

1. e4 c5 2. Nf3 d6 3. d4 cxd4 4. Qxd4 Nc6 5. Bb5 Bd7 6. Bxc6 Bxc6 7. Nc3 e5 8.
Qd3 h6 9. Be3 Nf6 10. h3 Be7 11. O-O-O a6 12. Nh2 b5 13. f3 b4 14. Nd5 Nxd5 15.
exd5 Bb5 16. Qd2 a5 17. f4 exf4 18. Bxf4 O-O 19. Ng4 f5 20. Nh2 Rc8 21. Nf3 Bf6
22. Be3 Re8 23. Rhe1 Ba4 24. b3 Bc3 25. Qd3 Bxe1 26. Rxe1 Rc3 27. Qd2 Bd7 28.
Kb2 Rc8 29. Rc1 a4 30. Bd4 axb3 31. axb3 Qa5 32. Ra1 Qb5 33. Ra7 Re2 34. Qd1 Rexc2+
35. Qxc2 Rxc2+ 36. Kxc2 Qxd5 37. Kb2 Be6 38. Rxg7+ Kf8 39. Rc7 Qxb3+ 40. Kc1 Qa3+
41. Kd2 b3 42. Rb7 Qa5+ 43. Ke3 Bd5 44. Rb8+ Kf7 45. Rh8 Bxf3 46. gxf3 Qe1+ 47.
Kf4 Qb4 48. Rh7+ Kg8 49. Rh8+ Kf7 50. Rh7+ Ke8 0-1

[Event "Druzynowe Mistrzostwa Polski Juniorow - Ekstraliga 2018"]
[Site "Kudowa-Zdroj"]
[Date "1899-12-30"]
[Round "5.25"]
[White "Gazik, Viktor"]
[Black "Chylewski, Patryk"]
[Result "1-0"]
[WhiteTitle "IM"]
[BlackTitle "FM"]
[WhiteElo "2501"]
[BlackElo "2335"]

1. e4 e5 2. Nf3 Nc6 3. Bb5 a6 4. Ba4 Nf6 5. d3 b5 6. Bb3 Be7 7. O-O d6 8. c3 O-O
9. Re1 Na5 10. Bc2 c5 11. Nbd2 Re8 12. Nf1 Bf8 13. Ng3 g6 14. h3 Bg7 15. a4 Bb7
16. Be3 Qc7 17. Qd2 Nc6 18. b4 cxb4 19. cxb4 d5 20. Bb3 Rad8 21. axb5 axb5 22.
Qc1 Qb8 23. Qc5 dxe4 24. dxe4 Nd4 25. Bxd4 exd4 26. Ng5 Re5 27. Qxe5 Qxe5 28.
Nxf7 Qc7 29. Nxd8+ Kh8 30. Nf7+ Kg8 31. Ng5+ Kh8 32. Nf7+ Kg8 33. Ng5+ Kh8 34.
Rac1 Qe7 35. Nf7+ Kg8 36. Ng5+ Kh8 37. Nf7+ Kg8 38. Nd6+ Kf8 39. e5 Ne8 40. Nxb7
Qxb7 41. Re4 Bh6 42. Rd1 1-0

[Event "Druzynowe Mistrzostwa Polski Juniorow - Ekstraliga 2018"]
[Site "Kudowa-Zdroj"]
[Date "1899-12-30"]
[Round "5.26"]
[White "Sanz Wawer, Daniel"]
[Black "Godzwon, Iwo"]
[Result "0-1"]
[WhiteTitle "k"]
[BlackTitle "k"]
[WhiteElo "2233"]
[BlackElo "2218"]

1. e4 c5 2. Nf3 d6 3. d4 cxd4 4. Nxd4 Nf6 5. Nc3 g6 6. Be3 Bg7 7. f3 Nc6 8. Qd2
O-O 9. Bc4 Bd7 10. O-O-O Rc8 11. Bb3 Ne5 12. Kb1 a6 13. g4 b5 14. h4 b4 15. Nd5
Nxd5 16. exd5 a5 17. Bh6 a4 18. h5 Bxh6 19. Qxh6 g5 20. Bxa4 Bxa4 21. f4 gxf4
22. Rdg1 Kh8 23. g5 Rg8 24. g6 Rg7 25. gxf7 Qf8 26. Rxg7 Qxg7 27. Qe6 Qf8 28.
Rg1 Bd7 0-1

[Event "Druzynowe Mistrzostwa Polski Juniorow - Ekstraliga 2018"]
[Site "Kudowa-Zdroj"]
[Date "1899-12-30"]
[Round "5.27"]
[White "Oborski, Artur"]
[Black "Redzisz, Michal"]
[Result "0-1"]
[WhiteTitle "I+"]
[BlackTitle "I"]
[WhiteElo "1821"]
[BlackElo "1937"]

1. d4 Nf6 2. c4 e6 3. Nc3 Bb4 4. Qc2 d5 5. cxd5 exd5 6. Bg5 O-O 7. e3 h6 8. Bxf6
Qxf6 9. a3 Bxc3+ 10. Qxc3 c6 11. Nf3 Re8 12. Be2 Bf5 13. O-O Nd7 14. Rfc1 Qd6
15. b4 Rac8 16. a4 b6 17. b5 cxb5 18. Qxc8 Rxc8 19. Rxc8+ Nf8 20. Ra8 b4 21. Ne5
b3 22. Nd3 Qc6 23. Rd8 Qc2 24. Rc1 Qxc1+ 0-1

[Event "Druzynowe Mistrzostwa Polski Juniorow - Ekstraliga 2018"]
[Site "Kudowa-Zdroj"]
[Date "1899-12-30"]
[Round "5.28"]
[White "Marcinczyk, Monika"]
[Black "Bogusz, Alan"]
[Result "1-0"]
[WhiteTitle "WCM"]
[BlackTitle "I"]
[WhiteElo "1891"]
[BlackElo "1637"]

1. e4 c5 2. Nf3 d6 3. d4 cxd4 4. Nxd4 Nf6 5. Nc3 a6 6. Be2 e5 7. Nb3 Be6 8. O-O
Be7 9. Be3 O-O 10. Qd2 Nbd7 11. a4 Rc8 12. a5 Qc7 13. Rfd1 Rfd8 14. Qe1 Qc6 15.
Bf3 h6 16. h3 Qc7 17. Nc1 Bc4 18. Nd3 b5 19. axb6 Nxb6 20. Nb4 Ra8 21. b3 a5 22.
Bxb6 Qxb6 23. Nbd5 Bxd5 24. Nxd5 Nxd5 25. Rxd5 Rdc8 26. Rdxa5 Rxa5 27. Qxa5 Qxa5
28. Rxa5 Rxc2 29. Ra8+ Bf8 30. h4 Rb2 31. Rb8 g6 32. h5 Kg7 33. hxg6 fxg6 34.
b4 d5 35. Rb7+ Kf6 36. Rb6+ Kg5 37. Re6 Rb1+ 38. Kh2 Rxb4 39. Rxe5+ Kf6 40. Rxd5
Rb7 41. e5+ Kg7 42. Be4 Be7 43. Ra5 g5 44. Bxb7 1-0